000 00889nam a22003017a 4500
001 0020228
003 KOHA_MİRAKIL
005 20260207002253.0
007 ta
008 100805b1996 tu a|||gr||||#||||0|tur |
020 _a9758022059
040 _aTR-BiSEU
_btur
_cTR-BiSEU
_erda
041 0 _atur
044 _ctu
050 _aBF637
_b.S36 1996
100 1 _aSchott, Barbara.
245 1 _aSoğuk kanlı olun/
_cBarbara Schott ; Barbara Schott.
264 1 _aİstanbul :
_bMozaik Yayınları
_c1996
300 _a87 sayfa :
_bşkl. ;
_c20 cm.
336 _ametin
_btxt
_2rdacontent
337 _aaracısız
_bn
_2rdamedia
338 _acilt
_bnc
_2rdacarrier
490 1 _aPsikoloji dizisi ;
_v2.
650 0 _aKişisel gelişim--(Psikoloji).
_944504
650 0 _aPersonal development--(Psychology).
_944505
830 1 _aPsikoloji dizisi ;
_v2.
_96558
942 _2lcc
_cBK
999 _c20185
_d20185